Estadísticas para Países con Puntos Extremos más Separados

Haz click aquí para intentar la prueba.

Estadísticas generales

  • Esta prueba ha sido intentada 1.745 veces
  • La puntuación promedio es 17 de 20

Estadísticas de respuestas

DistanciaPaís% Correcto
15,306Estados Unidos
99%
8,207Rusia
99%
5,017China
97%
5,549Canadá
95%
3,699Argentina
93%
7,813Australia
93%
5,100Brasil
93%
18,151Francia
92%
4,648Chile
91%
18,127Reino Unido
91%
3,713India
88%
3,365México
86%
5,355Indonesia
81%
4,052Dinamarca
76%
3,138Japón
76%
15,098Noruega
74%
2,959Kazajistán
67%
5,711Nueva Zelanda
64%
8,049Países Bajos
60%
4,430Kiribati
39%

Distribución de puntuación

Porcentaje por número respondido

Porcentaje de gente con cada puntuación

Historial de tus puntuaciones

No has intentado esta prueba.